00447nam a2200157 a 4500008004100000020001500041050001900056100002200075245003900097260004000136300002200176350000900198500005100207650001200258700001900270120416s1980 ||||||||||||||||| || u a0697080323 aHF 5438.25 Man aManning, Gerald L10aSelling today: a personal approach aDubuque, Iowa:bW.C. Brown Coc1980 axiii, 490p. : ill a0.00 aIncludes bibliographical references and index. 0aSELLING aReece, Barry L